[Event "FRA-chT2O 0203"]
[Site "France"]
[Date "2002.11.17"]
[Round "3.3"]
[White "Kirszenberg, Marc"]
[Black "Bolding, Klaus"]
[Result "0-1"]
[WhiteElo "2232"]
[BlackElo "2373"]
[PlyCount "66"]
[EventDate "2002.10.??"]
[EventType "team"]
[EventRounds "11"]
[EventCountry "FRA"]
[SourceTitle "EXT 2004"]
[Source "ChessBase"]
[SourceDate "2003.11.25"]
[SourceVersion "1"]
[SourceVersionDate "2003.11.25"]
[SourceQuality "1"]
[WhiteTeam "Vincennes"]
[BlackTeam "Lyon Olympique"]
[WhiteTeamCountry "FRA"]
[BlackTeamCountry "FRA"]

1. d4 g6 2. c4 Bg7 3. Nf3 d6 4. Bf4 Nd7 5. e3 e5 6. Bg3 Nh6 7. h3 0-0 8. Nc3 c6 9. Be2 f5 10. 0-0 Nf7 11. Qc2 Qe7 12. b4 Re8 13. Rad1 e4 14. Ne1 Nf6 15. Qb3 h5 16. Nc2 g5 17. c5 d5 18. b5 Bh6 19. bxc6 bxc6 20. Nb4 Bd7 21. Qa4 f4 22. exf4 gxf4 23. Bh4 Bg5 24. Bxg5 Nxg5 25. h4 Nh3+ 26. gxh3 Kh8 27. Rfe1 Rg8+ 28. Kh2 Qe6 29. Bf1 Ng4+ 30. Kh1 Nxf2+ 31. Kh2 Qg6 32. Ne2 f3 33. Qa3 Qg2+ 0-1